Достижения науки и техники XX века: учебное пособие по английскому языку

Bibliografske podrobnosti
Glavni avtor: Полякова Т. Ю. Татьяна Юрьевна
Drugi avtorji: Синявская Е. В. Елена Васильевна, Селезнева Г. В. Галина Александровна
Izvleček:Пособие состоит из семи разделов, отражающих общие научно-технические достижения XX века (Introduction), а также достижения в области физики (Physics), химии (Chemistry), вычислительной техники (Computers), экономики (Economics), автомобильного транспорта (Automobile Transport) и воздушного транспорта (Air Transport). Помимо оригинальных текстов пособие содержит задания, определяющие цель чтения, а также обеспечивающие проверку понимания прочитанного, и темы для обсуждения. Цель пособия — совершенствование навыков чтения и перевода технической литературы, а также навыков устной речи. Книга является частью учебно-методического комплекса, включающего также учебник «Английский язык для инженеров» (авторы: Т. Ю. Полякова, Е. В. Синявская, О. И. Тынкова, Э. С. Улановская), аудиокурс к учебнику и две аудиокассеты. Книга предназначена для студентов и аспирантов технических вузов, а также для широкого круга лиц, читающих техническую литературу на английском языке.
Jezik:ruščina
angleščina
Izdano: Москва, Высшая школа, 2009
Izdaja:3-е изд., стер.
Serija:Для высших учебных заведений
Teme:
Format: MixedMaterials Knjiga
KOHA link:https://koha.lib.tpu.ru/cgi-bin/koha/opac-detail.pl?biblionumber=164956

MARC

LEADER 00000nam0a2200000 4500
001 164956
005 20231101222523.0
010 |a 9785060056709 
035 |a (RuTPU)RU\TPU\book\178952 
035 |a RU\TPU\book\119122 
090 |a 164956 
100 |a 20070221d2009 m y0rusy50 ca 
101 0 |a rus  |a eng 
102 |a RU 
105 |a a j 001zy 
200 1 |a Достижения науки и техники XX века  |e учебное пособие по английскому языку   |f Т. Ю. Полякова, Е. В. Синявская, Г. В. Селезнева 
205 |a 3-е изд., стер. 
210 |a Москва  |c Высшая школа  |d 2009 
215 |a 287 с.  |c ил. 
225 1 |a Для высших учебных заведений 
320 |a Словарь: с. 263-280. 
320 |a Библиография в примечаниях. 
330 |a Пособие состоит из семи разделов, отражающих общие научно-технические достижения XX века (Introduction), а также достижения в области физики (Physics), химии (Chemistry), вычислительной техники (Computers), экономики (Economics), автомобильного транспорта (Automobile Transport) и воздушного транспорта (Air Transport). Помимо оригинальных текстов пособие содержит задания, определяющие цель чтения, а также обеспечивающие проверку понимания прочитанного, и темы для обсуждения. Цель пособия — совершенствование навыков чтения и перевода технической литературы, а также навыков устной речи. Книга является частью учебно-методического комплекса, включающего также учебник «Английский язык для инженеров» (авторы: Т. Ю. Полякова, Е. В. Синявская, О. И. Тынкова, Э. С. Улановская), аудиокурс к учебнику и две аудиокассеты. Книга предназначена для студентов и аспирантов технических вузов, а также для широкого круга лиц, читающих техническую литературу на английском языке. 
451 1 |0 (RuTPU)RU\TPU\book\119122  |y 5-06-003782-7  |t Достижения науки и техники XX века  |o учебное пособие по английскому языку   |f Т. Ю. Полякова, Е. В. Синявская, Г. В. Селезнева  |e 2-е изд., испр.  |c М.  |n Высшая школа  |d 2004  |p 287 с.  |s Для высших учебных заведений  |a Полякова, Татьяна Юрьевна 
606 1 |a Английский язык  |x Учебные руководства и пособия  |x Книги для чтения по различным специальностям. Технические хрестоматии  |2 stltpush  |3 (RuTPU)RU\TPU\subj\29076  |9 52488 
610 1 |a лексика 
610 1 |a наука 
610 1 |a техника 
610 1 |a экономика 
610 1 |a перевод 
610 1 |a разговорная речь 
686 |a Ш143.21-923.81  |v LBC/SL-A  |2 rubbk 
700 1 |a Полякова  |b Т. Ю.  |g Татьяна Юрьевна 
701 1 |a Синявская  |b Е. В.  |g Елена Васильевна 
701 1 |a Селезнева  |b Г. В.  |g Галина Александровна 
801 1 |a RU  |b 63413507  |c 20090911 
801 2 |a RU  |b 63413507  |c 20140303  |g RCR 
900 |a Техника и технологии 
942 |c BK 
952 |a 550000 
959 |a 93/20090911  |d 1  |e 711,70  |f ЧЗТЛ:1